| 000 | 00754nam a2200217 a 4500 | ||
|---|---|---|---|
| 008 | 120416s1974 ||||||||||||||||| || u | ||
| 020 | _a0126509506 | ||
| 050 | _aQK 601 Smi | ||
| 100 | _aSmith, John E | ||
| 245 | 1 | 3 | _aAn introduction to biochemistry of fungal development |
| 260 |
_aLondon _bAcademic Press _c1974 |
||
| 300 | _aviii, 326p. : ill. | ||
| 350 | _a0.00 | ||
| 500 | _aIncludes bibliographies and index. | ||
| 650 | _aFungi--Physiology | ||
| 650 | _aBOTANY | ||
| 650 | _aFungi--Morphogenesis | ||
| 650 | 0 | _aBOTANICAL CHEMISTRY | |
| 700 | _aBerry, David R. (David Richard) | ||
| 995 |
_D0.00 _FCBU-MAIN LIBRARY (Kitwe) _H1 _I8.00 _M1 _UAVAILABLE _ZMain Library Open Access Collection |
||
| 999 |
_c47623 _d47623 |
||